Statistics for People with B Initials

Click here to take the quiz!

General Stats

  • This quiz has been taken 30,115 times
    (15,814 since last reset)
  • The average score is 15 of 23

Answer Stats

CluePerson% Correct
BGFounder of MicrosoftBill Gates
97%
BOU.S. President born
in Hawaii
Barack Obama
92%
BPJennifer Aniston's exBrad Pitt
91%
BLPossibly the most famous
martial artist of all-time
Bruce Lee
88%
BMItalian dictatorBenito Mussolini
86%
BASecond man on the moonBuzz Aldrin
86%
BW"Die Hard" actorBruce Willis
84%
BK"Single Ladies"Beyonce Knowles
81%
BJ"Piano Man"Billy Joel
77%
BE18 year old singer who won
several Grammies in 2020
Billie Eilish
74%
BYFormer Russian presidentBoris Yeltsin
71%
BSSinger who married backup
dancer Kevin Federline
Britney Spears
66%
BCFriend of the Sundance KidButch Cassidy
66%
BNIsraeli Prime MinisterBenjamin Netanyahu
61%
BB1960s French actress and
sex symbol
Brigitte Bardot
59%
BFPhiladelphia almanac maker
and bifocal inventor
Ben Franklin
58%
BI"White Wedding"Billy Idol
57%
BD"Mr. Tambourine Man"Bob Dylan
51%
BHComedian, troop entertainer,
and 19x Oscar Host
Bob Hope
47%
BTAngelina Jolie once had his
name tattooed on her
Billy Bob Thornton
44%
BRThe Bambino,
The Sultan of Swat, etc...
Babe Ruth
40%
BZActor who appeared in the
walk-off scene in "Zoolander"
Billy Zane
27%
BUOne of the B's in ABBABjörn Ulvaeus
18%

Score Distribution

Percentile by Number Answered

Percent of People with Each Score

Your Score History

You have not taken this quiz since the last reset